MANAGEMENT INFORMATION SYSTEMS MANAGING THE DIGITAL FIRM / (Record no. 616830)

000 -LEADER
fixed length control field 00376nam a22001337a 4500
020 ## - INTERNATIONAL STANDARD BOOK NUMBER
Qualifying information HB.
040 ## - CATALOGING SOURCE
Transcribing agency FIZZA ISHAQ
082 ## - DEWEY DECIMAL CLASSIFICATION NUMBER
Classification number 658.4038
Author Mark KEN
100 ## - MAIN ENTRY--PERSONAL NAME
Personal name LAUDON,C.KENNETH.
9 (RLIN) 124055
245 ## - TITLE STATEMENT
Title MANAGEMENT INFORMATION SYSTEMS MANAGING THE DIGITAL FIRM /
Statement of responsibility, etc. KENNETH C.LAUDON.
260 ## - PUBLICATION, DISTRIBUTION, ETC.
Place of publication, distribution, etc. NEW YORK ;
Name of publisher, distributor, etc. PEARSON,
Date of publication, distribution, etc. 2006.
300 ## - PHYSICAL DESCRIPTION
Extent 121 P. ;
Dimensions 11.5X8.9IN
942 ## - ADDED ENTRY ELEMENTS (KOHA)
Source of classification or shelving scheme
Koha item type Book
Holdings
Withdrawn status Lost status Source of classification or shelving scheme Damaged status Not for loan Permanent Location Current Location Shelving location Date acquired Total Checkouts Full call number Barcode Date last seen Price effective from Koha item type
          NUST Baluchistan Campus (NBC) NUST Baluchistan Campus (NBC) General Stacks 04/03/2026   658.4038 KEN QD-242 04/03/2026 04/03/2026 Book
© 2023 Central Library, National University of Sciences and Technology. All Rights Reserved.